000 004580000a22001570004500
090 _aAR
_b00874
245 1 0 _aBreeding systems in the flora of a tropical deciduous forest in Mexico
650 1 4 _aVegteación
_994064
650 1 4 _aBosques deciduos
_994030
650 1 4 _aRiqueza de especies
_93326
651 4 _pMéxico
_992749
041 0 _aInglés
100 1 _aBullock, Stephen H.
_911916
942 _cARTICULO
773 1 _tBiotropica
_39
_h4
_q287-301
_d1985
_g17
999 _c9962
_d9962